Europäische Länder mit der jüngsten Bevölkerung - Statistiken

Allgemein
  • Dieses Quiz wurde 187 mal gespielt
  • Das Durchschnittsergebnis liegt bei 6 aus 10
Antwortstatistiken
Durchschnittsalter Land % Korrekt
36.8 Irland
76%
36.5 Island
75%
39.2 Norwegen
70%
40.7 Polen
70%
40.6 Ukraine
67%
39.6 Russland
65%
40.5 Vereinigtes Königreich
58%
40.5 Slowakei
55%
40.0 Weißrussland
54%
39.3 Luxemburg
37%
Keine übereinstimmenden Quizze gefunden
Verteilung der Resultate
Anzahl Personen mit jedem Resultat
Perzentil nach korrekt beantworteten Fragen
Ihre Resultats-Entwicklung
Sie haben dieses Quiz noch nicht gespielt